000 00306nam a22001337a 4500
008 181204b xxu||||| |||| 00| 0 eng d
020 _a9780256227376
041 _aeng
080 _28th
_a338
100 _a53
101 _aMEN
245 _aManagement Skills and Application
_cRue,L.W
942 _2udc
_cBK
999 _c52763
_d52763